000 00651nam a2200217 i 4500
001 17187
003 ES-MaACL
005 20230906151523.0
007 t|
008 010115s1996 sp ||||1| spa d
080 _a821.134.2-14"19"
100 1 _aMunárriz, Jesús.
_984170
245 1 0 _aPoemas /
_cJesús Munárriz.
260 _aBadajoz :
_bAsociación de Escritores Extremeños,
_c[1996]
300 _a32 p. ;
_c23 cm.
490 1 _aAula Enrique Díez-Canedo ;
_v28
710 2 _aAsociacion de Escritores Extremeños.
_91584
830 0 _aAula Enrique Díez-Canedo ;
_v28
_9191100
852 _aES-MaACL
_j2161-F-25
999 _c17187
_d17187